书目信息 |
| 题名: |
我该怎么办?
|
|
| 作者: | 张思伟 著 ;唐光雨 , 谢英俊 绘 | |
| 分册: | ||
| 出版信息: | 北京 北京理工大学出版社有限责任公司 2018.12 |
|
| 页数: | 189页 | |
| 开本: | 24cm | |
| 丛书名: | ||
| 单 册: | ||
| 中图分类: | G479.2 | |
| 科图分类: | ||
| 主题词: | 女性--青春期卫生--健康教育 | |
| 电子资源: | ||
| ISBN: | 978-7-5682-6458-7 | |
| 000 | 01295nam0 2200289 450 | |
| 001 | 0103152646 | |
| 005 | 20201103152730.0 | |
| 010 | @a978-7-5682-6458-7@dCNY39.80 | |
| 100 | @a20190508d2018 em y0chiy50 ea | |
| 101 | 0 | @achi |
| 102 | @aCN@b110000 | |
| 105 | @aa z 000yy | |
| 106 | @ar | |
| 200 | 1 | @a我该怎么办?@Awo gai zen me ban?@e女孩成长关键期的典型心理困扰@f张思伟著@g唐光雨,谢英俊绘 |
| 210 | @a北京@c北京理工大学出版社有限责任公司@d2018.12 | |
| 215 | @a189页@c图@d24cm | |
| 314 | @a唐光雨,男,湖南美术家协会会员、湖南漫画艺术委员会委员,长沙南方职业学院影视动画专业教研室主任。 | |
| 314 | @a谢英俊,男,宏梦银河动漫集团高级原画师、创作组组长。毕业于湖南长沙人民艺术专科学校。 | |
| 330 | @a本书把青春期女孩们常遇到的典型心理困惑问题罗列出来,并用图文的形式给出了聪明快乐女孩的思考方式和解决方法供参考,启发小读者从中找到或学会适合自己的处理方式,让自己学会控制情绪,理性面对挫折,并找到让自己快乐成长的答案。 | |
| 517 | 1 | @a女孩成长关键期的典型心理困扰@Anv hai cheng zhang guan jian qi de dian xing xin li kun rao |
| 606 | 0 | @a女性@x青春期卫生@x健康教育 |
| 690 | @aG479.2@v5 | |
| 701 | 0 | @a张思伟@Azhang si wei@4著 |
| 702 | 0 | @a唐光雨@ATang Guang Yu@4绘 |
| 702 | 0 | @a谢英俊@Axie ying jun@4绘 |
| 801 | 0 | @aCN@bBJSZM@c20201103 |
| 905 | @b1255741-5@dG479.2@e226@f5 | |
| 我该怎么办?:女孩成长关键期的典型心理困扰/张思伟著/唐光雨,谢英俊绘.-北京:北京理工大学出版社有限责任公司,2018.12 |
| 189页:图;24cm |
| ISBN 978-7-5682-6458-7:CNY39.80 |
| 本书把青春期女孩们常遇到的典型心理困惑问题罗列出来,并用图文的形式给出了聪明快乐女孩的思考方式和解决方法供参考,启发小读者从中找到或学会适合自己的处理方式,让自己学会控制情绪,理性面对挫折,并找到让自己快乐成长的答案。 |
| ● |
| 相关链接 |
|
|
|
|
正题名:我该怎么办?
索取号:G479.2/226
 
预约/预借
| 序号 | 登录号 | 条形码 | 馆藏地/架位号 | 状态 | 备注 |
| 1 | 1255741 | 212557419 | 第一样本阅览室/ [索取号:G479.2/226] | 在馆 | |
| 2 | 1255742 | 212557428 | 教育系资料室/ [索取号:G479.2/226] | 在馆 | |
| 3 | 1255743 | 212557437 | 教育系资料室/ [索取号:G479.2/226] | 在馆 | |
| 4 | 1255744 | 212557446 | 第四借阅区/ [索取号:G479.2/226] | 在馆 | |
| 5 | 1255745 | 212557455 | 第四借阅区/ [索取号:G479.2/226] | 在馆 |